|
|
|
|
| LEADER |
00000cam a2200000 7i4500 |
| 001 |
0000012985 |
| 005 |
20080107.0 |
| 008 |
080107 |
| 020 |
|
|
|a 9830611736
|
| 090 |
0 |
0 |
|a 297.44
|b MUH
|
| 100 |
0 |
|
|a Muhammad Juha Aziz
|
| 245 |
1 |
0 |
|a Pembuka jalan-jalan ke syurga
|c Muhammad Juha Aziz
|
| 260 |
|
|
|a Selangor :
|b Crescent News (K.L) ,
|c 2002
|
| 650 |
|
0 |
|a Islam
|x Customs and practices
|
| 650 |
|
0 |
|a Religious life
|x Islam
|
| 710 |
0 |
|
|a Title
|
| 999 |
|
|
|a 0000942306
|b Book
|c Adult Collection
|e Cawangan Taman Sri Lambak
|
| 999 |
|
|
|a 0001009277
|b Book
|c Adult Collection
|e Perbadanan Perpustakaan Awam Johor
|
| 999 |
|
|
|a 0001009278
|b Book
|c Adult Collection
|e Perbadanan Perpustakaan Awam Johor
|
| 999 |
|
|
|a 0001009279
|b Book
|c Adult Collection
|e Perbadanan Perpustakaan Awam Johor
|